Escucha la instrucción de tu Padre / (Record no. 90247)

MARC details
000 -LEADER
campo de control de longitud fija 00492nam a2200157 i 4500
001 - NÚMERO DE CONTROL
campo de control 90247
003 - IDENTIFICADOR DE NÚMERO DE CONTROL
campo de control ES-MaACL
005 - FECHA Y HORA DE LA ÚLTIMA TRANSACCIÓN
campo de control 20230906180406.0
007 - CAMPO FIJO DE DESCRIPCIÓN FÍSICA--INFORMACIÓN GENERAL
campo de control de longitud fija t|
008 - DATOS DE LONGITUD FIJA--INFORMACIÓN GENERAL
campo de control de longitud fija 050119s1971 sp ||||1| spa d
100 1# - ENTRADA PRINCIPAL--NOMBRE DE PERSONA
Nombre de persona Legaria, Pedro.
9 (RLIN) 71259
245 10 - MENCIÓN DEL TÍTULO
Título Escucha la instrucción de tu Padre /
Mención de responsabilidad, etc. mensaje epistolar de Pedro Legaria del Sagrado Corazón.
260 ## - PUBLICACIÓN, DISTRIBUCIÓN, ETC.
Lugar de publicación, distribución, etc. Burlada (Navarra) :
Nombre del editor, distribuidor, etc. Esclavas de Cristo Rey,
Fecha de publicación, distribución, etc. [1971]
300 ## - DESCRIPCIÓN FÍSICA
Extensión 276 p. ;
Dimensiones 17 cm.
852 ## - LOCALIZACIÓN
Ubicación ES-MaACL
Número de control de estantería C-48690
Sublocalización o colección R.80397
Holdings
Estatus retirado Estado de pérdida Estado de daño No para préstamo Biblioteca de origen Biblioteca actual Ubicación en estantería Fecha de adquisición Fuente de adquisición Total de préstamos Signatura topográfica completa Código de barras Visto por última vez Precio de reemplazo Tipo de ítem Koha
        Biblioteca del Ateneo de Madrid Biblioteca del Ateneo de Madrid Depósito 2 17/01/2008     C-48690 1094241 23/02/2023 23/02/2023 Libro impreso